Mot mystérieux - Série 15 - Statistiques

Statistiques générales
  • Ce quiz a été pris 93 fois
  • Le résultat moyen est 8 sur 10
Statistiques - réponses
Indices Mot % Correct
Patissière - Solaire - Fraîche - Brûlée Crème
99%
Echappement - Départ - Pourri - Fleurs Pot
94%
Mouche - Pêche - Plaisance - Croisière Bateau
90%
Moulin - Bise - Souffle - Voiles Vent
90%
Stendhal - Lèvre - Alerte - Rubis Rouge
85%
Soleil - Vue - Astronomique - WC Lunette
81%
Bille - Russe - Casino - Fraise Roulette
81%
Chat - File - Cerise - Casserole Queue
76%
Pouce - Soleil - Bas - Tonnerre Coup
51%
Publicitaire - Aérien - Conquête - Vert Espace
41%
Aucun quiz correspondant
Distribution des résultats
% des personnes avec chaque résultat
Percentile par nombre de réponses
Votre historique - résultats
Vous n’avez pas pris ce quiz